| 000 | 01405nac a22003257a 4500 | ||
|---|---|---|---|
| 001 | BR8100099 | ||
| 003 | BR-BrBNA | ||
| 005 | 20240105114857.0 | ||
| 008 | 230509b bl.|||m| |||| 00| 0 por d | ||
| 040 |
_aBR-BrBNA _bpor _cBiblioteca Nacional de Agricultura |
||
| 072 | _aE15; E30 | ||
| 090 | _a0336 BR8100099 | ||
| 110 | 1 |
_aFundacao de Integracao, Desenvolvimento e Educacao do Noroeste do Estado, Ijui, RS (Brasil); _94871 |
|
| 110 | 1 |
_aCooperativa Regional Triticola Serrana Ltda., Ijui, RS (Brasil) _92917 |
|
| 245 | 1 |
_aResultados economicos do cultivo da soja - 1978/1979 [Glycine max; Projeto agricola; Rio Grande do Sul; Brasil] _bAdministracao rural. Projeto Cotri-Ceca |
|
| 246 | 1 |
_a[Economic results from soybean crop 1978/1979 [Glycine max; Agricultural project; Rio Grande do Sul; Brazil]] _b[Rural administration. Cotri-Ceca project] |
|
| 260 | 3 |
_aIjui, RS (Brasil): _cFeb 1980. |
|
| 300 | _a42 p. | ||
| 490 |
_aEstudos - Fundacao de Integracao, Desenvolvimento e Educacao do Noroeste do Estado (Brazil) _vno. 28 _x |
||
| 500 | _a5 graphs; 16 tables; Bibliography p. 38-42 (87 ref.) | ||
| 650 | _aMicroeconomia | ||
| 650 | _aProjeto de desenvolvimento | ||
| 650 | _aSoja | ||
| 650 | _aProdutividade | ||
| 650 | _aCusto de producao | ||
| 650 | _aProjeto agricola | ||
| 650 | _aRio Grande do Sul | ||
| 909 |
_a202312 _bLúcia Elande _c55 _dLúcia Elande |
||
| 942 |
_2AGRIS _n0 _cMS |
||
| 999 |
_c271814 _d271814 |
||